00458nam a22001457a 4500008004100000020001500041050002200056100001800078245006900096250001200165260005900177300002900236500001900265650002800284240910b |||||||| |||| 00| 0 eng d a9966466177 aGN 320b.A93 1979 aAyisi Eric O. aAn introduction to the study of African culture/cEric O. Ayisi a2nd ed. aBrick court :bEast African Publishers Limited,c1979. ax, 124p. :bill.;c25cm. aincludes index aAfrican culturexAfrica